Arte teórico-práctico para aprender la lengua francesa

Gespeichert in:
Bibliographische Detailangaben
1. Verfasser: Gaspar del Campo, Antonio
Format: Buch
Sprache:Spanisch
Erschienen: Zaragoza : Mariano Escar, 1908
Ausgabe:8ª ed.
Katalog:MANES:  Suchergebnis im Bibliothekskatalog
Schulbuchspezifische Eigenschaften:
Tags: Tag hinzufügen
Keine Tags, Fügen Sie den ersten Tag hinzu!
Hinzugefügt zu:29.11.1999
Geändert in:07.05.2025

MARC

LEADER 00000cam a2200000 i 4500
005 20250507134620.0
008 000000s1908 esp f 000 0 spa d
040 |a uned  |b spa  |c entro-manes 
100 1 |a Gaspar del Campo, Antonio  |9 41471 
245 1 0 |a Arte teórico-práctico para aprender la lengua francesa /   |c por Antonio Gaspar del Campo 
250 |a 8ª ed. 
260 |a Zaragoza :   |b Mariano Escar,   |c 1908 
300 |a 286 p. 
546 |a España 
561 |5 es-BUNED  |3 L.T. 2900  |a España. Fondo Manes UNED  |k MANES 
690 0 |a LE 
942 |2 ddc  |c BK 
999 |c 98653  |d 98653 
999 |c manes:98653  |d 98653